Monuments de Paris 🇫🇷 - Statistiques

Statistiques générales
  • Ce quiz a Ă©tĂ© pris 711 fois
  • Le rĂ©sultat moyen est 10 sur 19
Statistiques - réponses
Par images Réponse % Correct
Musée du Louvre
98%
Tour Eiffel
98%
Arc de Triomphe
85%
Sacré Coeur
76%
Stade de France
74%
Château de Versailles
66%
Panthéon
66%
Catacombes
65%
Cathédrale Notre-Dame
59%
Opéra Garnier
53%
Centre Pompidou
45%
HĂ´tel de Ville
41%
Place de la Concorde
40%
Jardin des Tuileries
36%
Musée d’Orsay
36%
HĂ´tel des Invalides
17%
Palais Royal
17%
Bibliothèque Nationale de France
10%
Assemblé Nationale
8%
Aucun quiz correspondant
Distribution des résultats
% des personnes avec chaque résultat
Percentile par nombre de réponses
Votre historique - résultats
Vous n’avez pas pris ce quiz